000 00284nam a22001337a 4500
008 181106b xxu||||| |||| 00| 0 eng d
020 _a0917877020
041 _aeng
080 _a616.8
100 _a7
101 _aTRU
245 _aThe Chemical Brain
_cCohen,S
942 _2udc
_cBK
999 _c51983
_d51983